000 00897cam a22002171 4500
082 _a510.246291
_bROS
_cL-2;P-36
100 1 _aRosser, J. Barkley
_939045
245 1 0 _aMathematical theory of rocket flight,
_cby J. Barkley Rosser, Robert R. Newton [and] George L. Gross. [Under the supervision of] Office of Scientific Research and Development, National Defense Research Committee.
250 _a1st ed.
260 _aNew York,
_bMcGraw-Hill Book Co.,
_c1947.
300 _aviii, 276 p.
_bdiagrs.
_c24 cm.
500 _a"Final Report No. B2.2 of the Allegany Ballistics Laboratory, OSRD5878."
526 _a0
_b0
_c0
_d510_246291000000000_ROS
650 0 _aMCE
_9379
650 0 _aRockets (Ordnance)
_939046
700 1 _aGross, George L.
_939047
700 1 _aNewton, Robert R.,
_939048
710 1 _aUnited States.
_921185
710 2 _aGeorge Washington University.
_939049
942 _2ddc
_cBK
999 _c543622
_d543622